The best of pastel / (Record no. 23011)

000 -LEADER
fixed length control field 01030cam a22002777a 4500
001 - CONTROL NUMBER
control field 14549326
005 - DATE AND TIME OF LATEST TRANSACTION
control field 20170125123857.0
008 - FIXED-LENGTH DATA ELEMENTS--GENERAL INFORMATION
fixed length control field 060913s2000 maua 000 0 eng
010 ## - LIBRARY OF CONGRESS CONTROL NUMBER
LC control number 2006279704
015 ## - NATIONAL BIBLIOGRAPHY NUMBER
National bibliography number GBA0-V7097
020 ## - INTERNATIONAL STANDARD BOOK NUMBER
International Standard Book Number 156496695X (pbk.)
035 ## - SYSTEM CONTROL NUMBER
System control number (OCoLC)ocm45326316
040 ## - CATALOGING SOURCE
Original cataloging agency UKM
Transcribing agency UKM
Modifying agency OCLCQ
-- BAKER
-- DLC
042 ## - AUTHENTICATION CODE
Authentication code lccopycat
050 00 - LIBRARY OF CONGRESS CALL NUMBER
Classification number NC880
Item number .B47 2000
245 04 - TITLE STATEMENT
Title The best of pastel /
Statement of responsibility, etc. juried by Constance Flavell Pratt and Janet Monafo.
260 ## - PUBLICATION, DISTRIBUTION, ETC. (IMPRINT)
Place of publication, distribution, etc. Gloucester, Mass. :
Name of publisher, distributor, etc. Quarry Books/Rockport Publishers,
Date of publication, distribution, etc. c2000.
300 ## - PHYSICAL DESCRIPTION
Extent 144 p. :
Other physical details col. ill. ;
Dimensions 24 cm.
650 #0 - SUBJECT ADDED ENTRY--TOPICAL TERM
Topical term or geographic name as entry element Pastel drawing
Chronological subdivision 20th century.
700 1# - ADDED ENTRY--PERSONAL NAME
Personal name Monafo, Janet.
700 1# - ADDED ENTRY--PERSONAL NAME
Personal name Pratt, Constance Flavell.
942 ## - ADDED ENTRY ELEMENTS (KOHA)
Source of classification or shelving scheme
Koha item type Hard Covered Materials
Classification part NC880 .B47 2000
Holdings
Withdrawn status Lost status Source of classification or shelving scheme Damaged status Not for loan Home library Current library Shelving location Date acquired Source of acquisition Total Checkouts Full call number Barcode Date last seen Price effective from Koha item type
          MACHAKOS UNIVERSITY LIBRARY MACHAKOS UNIVERSITY LIBRARY Technical section 25/01/2017 Donation(BFA)   NC880 .B47 2000 32205 23/07/2018 25/01/2017 Hard Covered Materials
© Machakos University Library, Along The Highway, Machakos Wote Rd, Machakos, Kenya P.O. Box 136 - 90100 Machakos - Kenya

Tel: ( +254 ) 723 805829 OR Fax : 044-20353 OR Email: library@mksu.ac.ke